| 000 | 02134cam a22001934a 4500 | ||
|---|---|---|---|
| 005 | 20250605164125.0 | ||
| 008 | 250528s ||||||||||||||||||||||||d | ||
| 035 | _a18423 | ||
| 040 |
_aGR-AtMCL _bgre _dGR-AtMCL _eAACR2 |
||
| 245 | 1 |
_aΜαθηματικά Οικονομικής Ανάλυσης. _nΤόμος Γ' |
|
| 250 | _a2η | ||
| 260 |
_bΠαπαζήση, _c1995 |
||
| 300 | _a156 | ||
| 520 | _aΔιαφορικές Εξισώσεις Πρώτης Τάξης, Γενικότητες και Βασικοί Ορισμοί, Διαφορικές Εξισώσεις Πρώτης Τάξης και Ανώτερου Βαθμού, Γραφφική Προσέγγιση και Ποιοτική Ανάλυση και Διάγραμμα Φάσης, Γραμμικές Διαφορικές Εξισώσεις Ανώτερης Τάξης και Συστήματα Διαφορικών Εξισώσεων, Γραμμικές Διαφορικές Εξισώσεις Δεύτερης Τάξης με Σταθερούς Συντελεστές και Σταθερό Όρο, Γραμμικές Διαφορικές Εξισώσεις Τάξης με Σταθερούς Συντελεστές και Σταθερό ή Μεταβλητό Όρο, Ολοκλήρωση δια Δυναμοσειρών, Ευστάθεια των Λύσεων, Η Παραγώγιση ως Τελεστής, Συστήματα Γραμμικών Διαφορικών Εξισώσεων, Ποιοτική Ανάλυση Γραμμικών Συστημάτων, Εξισώσεις Διαφόρων, Γραμμικές Εξισώσεις Διαφορών Πρώτης Τάξης με Σταθερούς Συντελεστές, Μη Γραμμικές Εξισώσεις Πρώτης Τάξης, Γραμμικές Εξισώσεις Διαφορών Δεύτερης Τάξης με Σταθερούς Συντελεστές, Γραμμικές Εξισώσεις Διαφορών Ανώτερης Τάξης, Ευρετήριο Όρων. | ||
| 700 | 1 |
_aΚορκοτσίδης Αναστάσιος Σ _94696 |
|
| 942 | _cBK | ||
| 999 |
_c3784 _d3784 |
||